<?xml version="1.0" encoding="UTF-8"?><?xml-stylesheet type="text/xsl" href="static/style.xsl"?><OAI-PMH xmlns="http://www.openarchives.org/OAI/2.0/" xmlns:xsi="http://www.w3.org/2001/XMLSchema-instance" xsi:schemaLocation="http://www.openarchives.org/OAI/2.0/ http://www.openarchives.org/OAI/2.0/OAI-PMH.xsd"><responseDate>2026-04-14T09:10:51Z</responseDate><request verb="GetRecord" identifier="oai:www.recercat.cat:20.500.12327/568" metadataPrefix="marc">https://recercat.cat/oai/request</request><GetRecord><record><header><identifier>oai:recercat.cat:20.500.12327/568</identifier><datestamp>2025-10-22T11:30:56Z</datestamp><setSpec>com_2072_4428</setSpec><setSpec>com_2072_4427</setSpec><setSpec>col_2072_487898</setSpec></header><metadata><record xmlns="http://www.loc.gov/MARC21/slim" xmlns:dcterms="http://purl.org/dc/terms/" xmlns:xsi="http://www.w3.org/2001/XMLSchema-instance" xmlns:doc="http://www.lyncode.com/xoai" xsi:schemaLocation="http://www.loc.gov/MARC21/slim http://www.loc.gov/standards/marcxml/schema/MARC21slim.xsd">
   <leader>00925njm 22002777a 4500</leader>
   <datafield ind2=" " ind1=" " tag="042">
      <subfield code="a">dc</subfield>
   </datafield>
   <datafield ind2=" " ind1=" " tag="720">
      <subfield code="a">Bohorquez, Jose Alejandro</subfield>
      <subfield code="e">author</subfield>
   </datafield>
   <datafield ind2=" " ind1=" " tag="720">
      <subfield code="a">Muñoz-González, Sara</subfield>
      <subfield code="e">author</subfield>
   </datafield>
   <datafield ind2=" " ind1=" " tag="720">
      <subfield code="a">Pérez-Simó, Marta</subfield>
      <subfield code="e">author</subfield>
   </datafield>
   <datafield ind2=" " ind1=" " tag="720">
      <subfield code="a">Revilla, Concepción</subfield>
      <subfield code="e">author</subfield>
   </datafield>
   <datafield ind2=" " ind1=" " tag="720">
      <subfield code="a">Domínguez, Javier</subfield>
      <subfield code="e">author</subfield>
   </datafield>
   <datafield ind2=" " ind1=" " tag="720">
      <subfield code="a">Ganges, Llilianne</subfield>
      <subfield code="e">author</subfield>
   </datafield>
   <datafield ind2=" " ind1=" " tag="260">
      <subfield code="c">2019-09-04</subfield>
   </datafield>
   <datafield ind2=" " ind1=" " tag="520">
      <subfield code="a">Classical swine fever virus (CSFV) remains a highly important pathogen, causing major&#xd;
losses in the swine industry. Persistent infection is highly relevant for CSFV maintenance in the field;&#xd;
however, this form of infection is not fully understood. An increase in the granulocyte population has&#xd;
been detected in CSFV persistently infected animals. The aim of this work was to evaluate the possible&#xd;
immunosuppressive role of these cells in CSFV persistent infection. The phenotype of peripheral blood&#xd;
and bone marrow cells from persistently infected and naïve animals was evaluated by flow cytometry,&#xd;
and the capacity of specific cell subsets to reduce the interferon gamma (IFN-γ) response against&#xd;
unspecific and specific antigen was determined using co-culture assays. The frequency of granulocytic&#xd;
cells was increased in cells from CSFV persistently infected pigs and they showed a phenotype similar&#xd;
to immunosuppressive cell populations found in persistent infection in humans. These cells from&#xd;
persistently infected animals were able to reduce the IFN-γ response against unspecific and specific&#xd;
antigen. Our results suggest that immature immunosuppressive cell populations play a role in CSFV&#xd;
persistent infection in swine. The information obtained by studying the role of myeloid derived&#xd;
suppressor cells (MDSC) during CSFV persistent infection may extrapolate to other viral persistent&#xd;
infections in mammals.</subfield>
   </datafield>
   <datafield ind1="8" ind2=" " tag="024">
      <subfield code="a">Bohorquez, Muñoz-González, Pérez-Simó, Revilla, Domínguez, and Ganges. 2019. "Identification Of An Immunosuppressive Cell Population During Classical Swine Fever Virus Infection And Its Role In Viral Persistence In The Host". Viruses 11 (9): 822. MDPI AG. doi:10.3390/v11090822.</subfield>
   </datafield>
   <datafield ind1="8" ind2=" " tag="024">
      <subfield code="a">1999-4915</subfield>
   </datafield>
   <datafield ind1="8" ind2=" " tag="024">
      <subfield code="a">http://hdl.handle.net/20.500.12327/568</subfield>
   </datafield>
   <datafield ind1="8" ind2=" " tag="024">
      <subfield code="a">https://doi.org/10.3390/v11090822</subfield>
   </datafield>
   <datafield ind2="0" ind1="0" tag="245">
      <subfield code="a">Identification of an Immunosuppressive Cell Population during Classical Swine Fever Virus Infection and Its Role in Viral Persistence in the Host</subfield>
   </datafield>
</record></metadata></record></GetRecord></OAI-PMH>